| 000 | 00497nam a2200181Ia 4500 | ||
|---|---|---|---|
| 003 | OSt | ||
| 005 | 20251024110041.0 | ||
| 008 | 220923b |||||||| |||| 00| 0 ben d | ||
| 037 | _cTextual | ||
| 040 |
_aARTS _cARTS _bben |
||
| 041 |
_2ben _aben |
||
| 084 |
_aNT44v, 157N4.1-.3 _bAL |
||
| 100 |
_aJia Haider _9209787 |
||
| 245 | 0 | _aTheatere katha | |
| 260 | _c1994 | ||
| 942 |
_hNT44v, 157N4.3 _cTB _2CC _n0 |
||
| 999 |
_c439787 _d439787 |
||